Blue Box Character Quiz - Statistics

General Stats
  • This quiz has been taken 30 times
  • The average score is 5 of 10
Answer Stats
Hint Answer % Correct
A boy who plays badminton Taiki Inomata
100%
Basketball star Chinatsu Kano
81%
Childhood friend Hina Chono
67%
Manager of the badminton team Ayame Moriya
48%
^ His girlfriend Karen Moriya
43%
Main character's rival Kengo Haryu
43%
Stoic boy with glasses Kyo Kasahara
43%
^ His sister Akari Hyodo
33%
The author Kouji Miura
33%
Former Sajikawa High badminton player Shota Hyodo
29%
No matching quizzes found
Score Distribution
Percent of People with Each Score
Percentile by Number Answered
Your Score History
You have not taken this quiz